000
00323nam a2200133Ia 4500
008
240624s9999 xx 000 0 und d
041
_a
eng
082
_a
954 MOI
100
_a
MOILY M VEERAPPA
245
_a
SHREE RAMAYANA MAHANVESHANAM
260
_c
2010
_a
New Delhi
_b
Rupa & Co.
300
_a
1522 : p.
365
_c
RS
_b
25
999
_c
16240
_d
16240